000 00338nam a2200145Ia 4500
003 OSt
005 20231107053239.0
008 170523s9999 xx 000 0 und d
020 _a9788177001952
040 _cIIMT
100 _aDomkundwar- Arora
245 0 _aPOWER PLANT ENGINEERING6
260 _aDhanpat Rai & Co.
942 _2ddc
_c02
999 _c12558
_d12558